American Idol Top 5 ALL Seasons - Statistics

General Stats
  • This quiz has been taken 133 times
    22 since last reset
  • The average score is 33 of 116
Answer Stats
Season Place Finalist % Correct
4 1 Carrie Underwood
93%
1 1 Kelly Clarkson
86%
2 2 Clay Aiken
79%
5 2 Katharine McPhee
79%
8 2 Adam Lambert
71%
7 2 David Archuleta
71%
7 1 David Cook
71%
3 1 Fantasia Barrino
71%
11 1 Phillip Phillips
71%
2 1 Ruben Studdard
71%
22 1 Abi Carter
64%
4 2 Bo Bice
64%
6 1 Jordin Sparks
64%
10 1 Scotty McCreery
64%
5 1 Taylor Hicks
64%
1 2 Justin Guarini
57%
18 1 Just Sam
57%
8 1 Kris Allen
57%
6 2 Blake Lewis
50%
13 1 Caleb Johnson
50%
3 2 Diana DeGarmo
50%
21 1 Iam Tongi
50%
23 1 Jamal Roberts
50%
11 2 Jessica Sanchez
50%
9 1 Lee DeWyze
50%
9 5 Aaron Kelly
43%
12 1 Candice Glover
43%
19 1 Chayce Beckham
43%
5 4 Chris Daughtry
43%
20 2 HunterGirl
43%
10 2 Lauren Alaina
43%
16 1 Maddie Poppe
43%
20 1 Noah Thompson
43%
15 1 Trent Harmon
43%
21 4-5 Zachariah Smith
43%
8 4 Allison Iraheta
36%
9 2 Crystal Bowersox
36%
5 3 Elliott Yamin
36%
1 3 Nikki McKibbin
36%
1 4 Tamyra Gray
36%
23 3 Breanna Nix
29%
14 2 Clark Beckham
29%
8 3 Danny Gokey
29%
10 3 Haley Reinhart
29%
22 3 Jack Blocker
29%
3 3 Jasmine Trias
29%
7 4 Jason Castro
29%
23 2 John Foster
29%
2 3 Kimberley Locke
29%
17 1 Laine Hardy
29%
3 4 LaToya London
29%
21 2 Megan Danielle
29%
6 3 Melinda Doolittle
29%
14 1 Nick Fradiani
29%
1 5 R. J. Helton
29%
19 2 Willie Spence
29%
22 2 Will Moseley
29%
17 2 Alejandro Aranda
21%
18 2 Arthur Gunn
21%
7 5 Brooke White
21%
3 5 George Huff
21%
13 2 Jena Irene
21%
2 4 Joshua Gracin
21%
12 2 Kree Harrison
21%
15 2 La'Porsha Renae
21%
20 4-5 Nicolina
21%
23 4-5 Thunderstorm Artis
21%
4 3 Vonzell Solomon
21%
21 4-5 Wé Ani
21%
12 3 Angie Miller
14%
4 4 Anthony Fedorov
14%
16 2 Caleb Lee Hutchinson
14%
9 3 Casey James
14%
21 3 Colin Stough
14%
18 3-5 Dillon James
14%
22 4-5 Emmy Russell
14%
19 3 Grace Kinstler
14%
11 3 Joshua Ledet
14%
6 4 LaKisha Jones
14%
20 3 Leah Marlene
14%
5 5 Paris Bennett
14%
4 5 Scott Savol
14%
23 4-5 Slater Nalley
14%
7 3 Syesha Mercado
14%
2 5 Trenyce
14%
14 5 Tyanna Jones
14%
19 5 Caleb Kennedy
7%
19 4 Casey Bishop
7%
6 5-6 Chris Richardson
7%
15 3 Dalton Rapattoni
7%
18 3-5 Francisco Martin
7%
20 4-5 Fritz Hager
7%
16 3 Gabby Barrett
7%
10 4 James Durbin
7%
12 5 Janelle Arthur
7%
14 3 Jax
7%
18 3-5 Jonny West
7%
17 4-5 Laci Kaye Booth
7%
17 3 Madison VanDenburg
7%
9 4 Michael Lynche
7%
6 5-6 Phil Stacey
7%
11 5 Skylar Laine
7%
22 4-5 Triston Harper
7%
13 3 Alex Preston
0%
12 4 Amber Holcomb
0%
16 4-5 Cade Foehner
0%
11 4 Hollie Cavanagh
0%
10 5 Jacob Lusk
0%
13 4 Jessica Meuse
0%
15 4 MacKenzie Bourg
0%
8 5 Matt Giraud
0%
16 4-5 Michael J. Woodard
0%
14 4 Rayvon Owen
0%
13 5 Sam Woolf
0%
15 5 Sonika Vaid
0%
17 4-5 Wade Cota
0%
No matching quizzes found
Score Distribution
Percent of People with Each Score
Percentile by Number Answered
Your Score History
You have not taken this quiz since the last reset